[Event "Elite Hotels Open 2025"]
[Site "Elite Stadshotellet, Växjö, Sweden"]
[Date "2025.02.09"]
[Round "8.2"]
[White "Cederstam, Carl"]
[Black "Ostlund, Joar"]
[Result "1/2-1/2"]
[TimeControl "R1-4: 15 min + 5 sek, R5-8: 90 min + 30 sek"]
[WhiteTitle "FM"]
[BlackTitle "FM"]
[WhiteElo "2264"]
[BlackElo "2312"]

1. e4 {[%clk 01:29:35]} {[%emt 00:01:25]} c5 {[%clk 01:30:33]} {[%emt
00:00:27]} 2. Nf3 {[%clk 01:29:55]} {[%emt 00:00:10]} Nc6 {[%clk 01:30:53]}
{[%emt 00:00:10]} 3. Bb5 {[%clk 01:30:07]} {[%emt 00:00:17]} e6 {[%clk
01:31:12]} {[%emt 00:00:12]} 4. O-O {[%clk 01:29:38]} {[%emt 00:00:59]} Nge7
{[%clk 01:31:27]} {[%emt 00:00:15]} 5. Re1 {[%clk 01:29:00]} {[%emt 00:01:08]}
Ng6 {[%clk 01:31:42]} {[%emt 00:00:15]} 6. c3 {[%clk 01:26:32]} {[%emt
00:02:59]} Be7 {[%clk 01:31:56]} {[%emt 00:00:14]} 7. d4 {[%clk 01:25:44]}
{[%emt 00:01:19]} cxd4 {[%clk 01:32:12]} {[%emt 00:00:14]} 8. cxd4 {[%clk
01:25:49]} {[%emt 00:00:25]} d5 {[%clk 01:32:28]} {[%emt 00:00:13]} 9. exd5
{[%clk 01:08:51]} {[%emt 00:17:29]} exd5 {[%clk 01:32:26]} {[%emt 00:00:32]} 10.
Bg5 {[%clk 01:07:37]} {[%emt 00:01:44]} O-O {[%clk 01:31:36]} {[%emt 00:01:19]}
11. Bxe7 {[%clk 01:04:38]} {[%emt 00:03:31]} Ncxe7 {[%clk 01:31:24]} {[%emt
00:00:41]} 12. Qd2 {[%clk 01:02:24]} {[%emt 00:02:40]} Be6 {[%clk 01:21:24]}
{[%emt 00:10:34]} 13. Nc3 {[%clk 00:59:18]} {[%emt 00:03:36]} Rc8 {[%clk
01:17:24]} {[%emt 00:04:30]} 14. h4 {[%clk 00:46:03]} {[%emt 00:13:46]} Nf5
{[%clk 00:42:41]} {[%emt 00:35:12]} 15. g3 {[%clk 00:43:02]} {[%emt 00:03:30]}
Qb6 {[%clk 00:36:27]} {[%emt 00:06:46]} 16. Bf1 {[%clk 00:39:04]} {[%emt
00:04:27]} Rfd8 {[%clk 00:26:22]} {[%emt 00:10:35]} 17. Rac1 {[%clk 00:27:51]}
{[%emt 00:11:43]} Qd6 {[%clk 00:23:25]} {[%emt 00:03:27]} 18. h5 {[%clk
00:24:03]} {[%emt 00:04:18]} Nf8 {[%clk 00:22:58]} {[%emt 00:00:58]} 19. Ne2
{[%clk 00:24:00]} {[%emt 00:00:30]} Rxc1 {[%clk 00:18:28]} {[%emt 00:05:03]} 20.
Rxc1 {[%clk 00:23:51]} {[%emt 00:00:38]} Qb6 {[%clk 00:15:43]} {[%emt
00:03:15]} 21. Rc3 {[%clk 00:21:14]} {[%emt 00:03:07]} h6 {[%clk 00:14:53]}
{[%emt 00:01:21]} 22. Rb3 {[%clk 00:21:18]} {[%emt 00:00:26]} Qc7 {[%clk
00:14:43]} {[%emt 00:00:39]} 23. Qb4 {[%clk 00:19:42]} {[%emt 00:02:06]} Nd6
{[%clk 00:14:17]} {[%emt 00:00:57]} 24. Nf4 {[%clk 00:17:30]} {[%emt 00:02:41]}
b6 {[%clk 00:12:59]} {[%emt 00:01:49]} 25. Ne5 {[%clk 00:16:24]} {[%emt
00:01:36]} Ne4 {[%clk 00:13:00]} {[%emt 00:00:29]} 26. Qe1 {[%clk 00:15:15]}
{[%emt 00:01:37]} f6 {[%clk 00:04:31]} {[%emt 00:09:00]} 27. Neg6 {[%clk
00:15:22]} {[%emt 00:00:23]} Bf7 {[%clk 00:02:10]} {[%emt 00:02:51]} 28. f3
{[%clk 00:12:39]} {[%emt 00:03:13]} Ng5 {[%clk 00:02:22]} {[%emt 00:00:18]} 29.
Qe7 {[%clk 00:11:58]} {[%emt 00:01:11]} Nge6 {[%clk 00:00:43]} {[%emt
00:02:10]} 30. Qxc7 Nxc7 {[%clk 00:01:11]} 31. Ne7+ {[%clk 00:12:07]} {[%emt
00:00:16]} Kh8 {[%clk 00:01:16]} {[%emt 00:00:26]} 32. Nc6 {[%clk 00:12:21]}
{[%emt 00:00:16]} Ra8 {[%clk 00:00:52]} {[%emt 00:00:54]} 33. Bh3 {[%clk
00:09:52]} {[%emt 00:02:58]} Nce6 {[%clk 00:00:40]} {[%emt 00:00:43]} 34. Bxe6
{[%clk 00:09:13]} {[%emt 00:01:08]} Nxe6 {[%clk 00:00:44]} {[%emt 00:00:27]} 35.
Nxe6 {[%clk 00:08:56]} {[%emt 00:00:46]} Bxe6 {[%clk 00:01:12]} {[%emt
00:00:02]} 36. Re3 {[%clk 00:08:48]} {[%emt 00:00:38]} Bf7 {[%clk 00:01:28]}
{[%emt 00:00:15]} 37. g4 {[%clk 00:09:06]} {[%emt 00:00:12]} Kg8 {[%clk
00:00:32]} {[%emt 00:01:25]} 38. Rc3 {[%clk 00:05:59]} {[%emt 00:03:37]} Kf8
{[%clk 00:00:33]} {[%emt 00:00:29]} 39. Nb4 {[%clk 00:05:15]} {[%emt 00:01:14]}
f5 {[%clk 00:00:47]} {[%emt 00:00:16]} 40. gxf5 {[%clk 00:04:41]} {[%emt
00:01:04]} a5 {[%clk 00:00:32]} {[%emt 00:00:45]} 41. Nd3 {[%clk 00:04:25]}
{[%emt 00:00:46]} Bxh5 {[%clk 00:00:43]} {[%emt 00:00:20]} 42. Ne5 {[%clk
00:04:35]} {[%emt 00:00:20]} Kg8 {[%clk 00:00:31]} {[%emt 00:00:41]} 43. Nd7
{[%clk 00:03:35]} {[%emt 00:01:29]} Rd8 {[%clk 00:00:32]} {[%emt 00:00:30]} 44.
Rc7 {[%clk 00:03:28]} {[%emt 00:00:38]} Bxf3 {[%clk 00:00:36]} {[%emt
00:00:27]} 45. f6 {[%clk 00:03:37]} {[%emt 00:00:19]} gxf6 {[%clk 00:00:36]}
{[%emt 00:00:31]} 46. Nxf6+ {[%clk 00:04:03]} {[%emt 00:00:03]} Kf8 {[%clk
00:00:59]} {[%emt 00:00:07]} 47. Nh7+ {[%clk 00:00:52]} {[%emt 00:03:40]} Kg8
{[%clk 00:01:28]} {[%emt 00:00:02]} 48. Nf6+ {[%clk 00:01:17]} {[%emt
00:00:05]} Kf8 {[%clk 00:01:55]} {[%emt 00:00:04]} 49. Nh7+ {[%clk 00:01:43]}
{[%emt 00:00:03]} Kg8 {[%clk 00:02:18]} {[%emt 00:00:07]} 1/2-1/2

[Event "Elite Hotels Open 2025"]
[Site "Elite Stadshotellet, Växjö, Sweden"]
[Date "2025.02.09"]
[Round "8.3"]
[White "Gdanski, Jacek"]
[Black "Valcu, Lavinia"]
[Result "1-0"]
[TimeControl "R1-4: 15 min + 5 sek, R5-8: 90 min + 30 sek"]
[WhiteTitle "GM"]
[WhiteElo "2483"]
[BlackElo "2137"]

1. e4 {[%clk 01:30:56]} {[%emt 00:00:04]} c5 {[%clk 01:30:49]} {[%emt
00:00:11]} 2. Nc3 {[%clk 01:31:19]} {[%emt 00:00:07]} d6 {[%clk 01:31:15]}
{[%emt 00:00:05]} 3. f4 {[%clk 01:31:45]} {[%emt 00:00:03]} g6 {[%clk
01:31:40]} {[%emt 00:00:06]} 4. Nf3 {[%clk 01:32:09]} {[%emt 00:00:06]} Bg7
{[%clk 01:32:04]} {[%emt 00:00:06]} 5. Bc4 {[%clk 01:32:35]} {[%emt 00:00:03]}
Nc6 {[%clk 01:32:28]} {[%emt 00:00:07]} 6. O-O {[%clk 01:32:58]} {[%emt
00:00:07]} e6 {[%clk 01:32:54]} {[%emt 00:00:04]} 7. d3 {[%clk 01:33:21]}
{[%emt 00:00:07]} Nge7 {[%clk 01:33:19]} {[%emt 00:00:05]} 8. Qe1 {[%clk
01:33:47]} {[%emt 00:00:03]} O-O {[%clk 01:33:41]} {[%emt 00:00:09]} 9. f5
{[%clk 01:34:09]} {[%emt 00:00:08]} gxf5 {[%clk 01:34:04]} {[%emt 00:00:06]} 10.
Qh4 {[%clk 01:32:54]} {[%emt 00:01:46]} fxe4 {[%clk 01:34:09]} {[%emt
00:00:25]} 11. dxe4 {[%clk 01:22:45]} {[%emt 00:10:38]} Ng6 {[%clk 01:34:24]}
{[%emt 00:00:16]} 12. Qh5 {[%clk 01:21:40]} {[%emt 00:01:35]} Nce5 {[%clk
01:30:37]} {[%emt 00:04:16]} 13. Nxe5 {[%clk 01:06:37]} {[%emt 00:15:34]} Nxe5
{[%clk 01:24:39]} {[%emt 00:06:27]} 14. Bh6 {[%clk 01:03:45]} {[%emt 00:03:23]}
Bxh6 {[%clk 01:16:22]} {[%emt 00:08:47]} 15. Qxh6 {[%clk 01:04:10]} {[%emt
00:00:06]} Nxc4 {[%clk 01:05:35]} {[%emt 00:11:16]} 16. Rf3 {[%clk 01:02:22]}
{[%emt 00:02:17]} Ne5 {[%clk 01:05:50]} {[%emt 00:00:15]} 17. Rg3+ {[%clk
01:00:53]} {[%emt 00:02:00]} Ng6 {[%clk 01:06:13]} {[%emt 00:00:07]} 18. Rh3
{[%clk 00:59:33]} {[%emt 00:01:49]} Re8 {[%clk 01:06:27]} {[%emt 00:00:16]} 19.
Rf1 {[%clk 00:56:33]} {[%emt 00:03:30]} Ne5 {[%clk 01:05:41]} {[%emt 00:01:16]}
20. Rg3+ {[%clk 00:56:28]} {[%emt 00:00:35]} Ng6 {[%clk 01:06:00]} {[%emt
00:00:12]} 21. Rxf7 {[%clk 00:56:12]} {[%emt 00:00:46]} Kxf7 {[%clk 01:05:51]}
{[%emt 00:00:39]} 22. Qxh7+ {[%clk 00:56:37]} {[%emt 00:00:05]} Kf6 {[%clk
01:05:27]} {[%emt 00:00:54]} 23. Rxg6+ {[%clk 00:54:37]} {[%emt 00:02:30]} Ke5
{[%clk 01:05:49]} {[%emt 00:00:08]} 24. Qg7+ {[%clk 00:54:30]} {[%emt
00:00:37]} Kf4 {[%clk 01:06:02]} {[%emt 00:00:17]} 25. Kf2 {[%clk 00:50:44]}
{[%emt 00:04:17]} 1-0

[Event "Elite Hotels Open 2025"]
[Site "Elite Stadshotellet, Växjö, Sweden"]
[Date "2025.02.09"]
[Round "8.4"]
[White "Falkevall, Axel"]
[Black "Frank, Anton"]
[Result "1/2-1/2"]
[TimeControl "R1-4: 15 min + 5 sek, R5-8: 90 min + 30 sek"]
[WhiteTitle "FM"]
[BlackTitle "CM"]
[WhiteElo "2401"]
[BlackElo "2160"]

1. d4 {[%clk 01:30:56]} {[%emt 00:00:04]} d5 {[%clk 01:30:35]} {[%emt
00:00:25]} 2. c4 {[%clk 01:31:18]} {[%emt 00:00:08]} e6 {[%clk 01:31:01]}
{[%emt 00:00:05]} 3. Nf3 {[%clk 01:31:43]} {[%emt 00:00:04]} Nf6 {[%clk
01:31:25]} {[%emt 00:00:05]} 4. Nc3 {[%clk 01:32:10]} {[%emt 00:00:05]} dxc4
{[%clk 01:31:46]} {[%emt 00:00:09]} 5. e4 {[%clk 01:32:21]} {[%emt 00:00:18]}
b5 {[%clk 01:32:10]} {[%emt 00:00:06]} 6. e5 {[%clk 01:32:48]} {[%emt
00:00:04]} Nd5 {[%clk 01:32:34]} {[%emt 00:00:05]} 7. Nxb5 {[%clk 01:33:13]}
{[%emt 00:00:05]} Nb6 {[%clk 01:32:59]} {[%emt 00:00:06]} 8. Be2 {[%clk
01:33:22]} {[%emt 00:00:21]} Nc6 {[%clk 01:33:16]} {[%emt 00:00:13]} 9. Nc3
{[%clk 01:33:15]} {[%emt 00:00:37]} Be7 {[%clk 01:33:34]} {[%emt 00:00:11]} 10.
O-O {[%clk 01:33:27]} {[%emt 00:00:17]} O-O {[%clk 01:33:52]} {[%emt 00:00:13]}
11. Be3 {[%clk 01:33:54]} {[%emt 00:00:04]} Rb8 {[%clk 01:34:16]} {[%emt
00:00:06]} 12. b3 {[%clk 01:34:08]} {[%emt 00:00:16]} cxb3 {[%clk 01:34:41]}
{[%emt 00:00:04]} 13. axb3 {[%clk 01:34:36]} {[%emt 00:00:03]} Bb7 {[%clk
01:34:57]} {[%emt 00:00:14]} 14. Qb1 {[%clk 01:35:01]} {[%emt 00:00:05]} Nb4
{[%clk 01:35:17]} {[%emt 00:00:10]} 15. Ne4 {[%clk 01:35:25]} {[%emt 00:00:05]}
h6 {[%clk 01:35:35]} {[%emt 00:00:12]} 16. Rxa7 {[%clk 01:35:47]} {[%emt
00:00:09]} N6d5 {[%clk 01:34:35]} {[%emt 00:01:30]} 17. Bd2 {[%clk 01:35:49]}
{[%emt 00:00:27]} Nc6 {[%clk 01:34:41]} {[%emt 00:00:24]} 18. Ra1 {[%clk
01:36:14]} {[%emt 00:00:05]} Ndb4 {[%clk 01:34:24]} {[%emt 00:00:47]} 19. Be3
{[%clk 01:36:34]} {[%emt 00:00:10]} Nd5 {[%clk 01:34:50]} {[%emt 00:00:04]} 20.
Bd2 {[%clk 01:37:00]} {[%emt 00:00:04]} Ndb4 {[%clk 01:35:16]} {[%emt
00:00:05]} 21. Bc3 {[%clk 01:37:21]} {[%emt 00:00:09]} Nd5 {[%clk 01:35:35]}
{[%emt 00:00:11]} 22. Rd1 {[%clk 01:35:07]} {[%emt 00:02:43]} Nxc3 {[%clk
01:34:55]} {[%emt 00:01:11]} 23. Nxc3 {[%clk 01:34:13]} {[%emt 00:01:24]} Nb4
{[%clk 01:35:18]} {[%emt 00:00:07]} 24. Qc1 {[%clk 01:33:36]} {[%emt 00:01:07]}
Ra8 {[%clk 01:35:18]} {[%emt 00:00:29]} 25. Na4 {[%clk 01:31:41]} {[%emt
00:02:26]} Bd5 {[%clk 01:35:41]} {[%emt 00:00:06]} 26. Qc3 {[%clk 01:29:43]}
{[%emt 00:02:28]} Qb8 {[%clk 01:30:02]} {[%emt 00:06:09]} 27. Nd2 {[%clk
01:21:19]} {[%emt 00:08:54]} Rd8 {[%clk 01:25:09]} {[%emt 00:05:23]} 28. Bf3
{[%clk 01:19:03]} {[%emt 00:02:46]} Qb7 {[%clk 01:06:37]} {[%emt 00:19:04]} 29.
Bxd5 {[%clk 01:17:11]} {[%emt 00:02:21]} 1/2-1/2

[Event "Elite Hotels Open 2025"]
[Site "Elite Stadshotellet, Växjö, Sweden"]
[Date "2025.02.09"]
[Round "8.5"]
[White "Hald Falkesgaard, Jeppe"]
[Black "Bjorkman, Filip"]
[Result "1-0"]
[TimeControl "R1-4: 15 min + 5 sek, R5-8: 90 min + 30 sek"]
[WhiteTitle "FM"]
[WhiteElo "2347"]
[BlackElo "2117"]

1. c4 {[%clk 01:28:31]} {[%emt 00:02:29]} Nf6 {[%clk 01:30:52]} {[%emt
00:00:09]} 2. g3 {[%clk 01:28:57]} {[%emt 00:00:04]} c6 {[%clk 01:31:16]}
{[%emt 00:00:06]} 3. Nf3 {[%clk 01:29:17]} {[%emt 00:00:09]} g6 {[%clk
01:31:40]} {[%emt 00:00:07]} 4. Bg2 {[%clk 01:29:33]} {[%emt 00:00:14]} Bg7
{[%clk 01:32:03]} {[%emt 00:00:07]} 5. O-O {[%clk 01:29:40]} {[%emt 00:00:22]}
O-O {[%clk 01:32:28]} {[%emt 00:00:06]} 6. b3 {[%clk 01:30:01]} {[%emt
00:00:09]} d5 {[%clk 01:24:55]} {[%emt 00:08:03]} 7. Bb2 {[%clk 01:29:01]}
{[%emt 00:01:30]} a5 {[%clk 01:25:14]} {[%emt 00:00:11]} 8. d3 {[%clk
01:28:03]} {[%emt 00:01:28]} Re8 {[%clk 01:25:29]} {[%emt 00:00:15]} 9. Qc2
{[%clk 01:22:44]} {[%emt 00:05:48]} Nbd7 {[%clk 01:20:06]} {[%emt 00:05:54]} 10.
Ne5 {[%clk 01:22:48]} {[%emt 00:00:26]} Nxe5 {[%clk 01:19:22]} {[%emt
00:01:14]} 11. Bxe5 {[%clk 01:23:11]} {[%emt 00:00:07]} d4 {[%clk 01:19:37]}
{[%emt 00:00:15]} 12. Nd2 {[%emt 00:04:59]} Nh5 {[%clk 01:18:40]} {[%emt
00:01:23]} 13. Bxg7 {[%clk 01:17:18]} {[%emt 00:01:58]} Nxg7 {[%clk 01:19:08]}
{[%emt 00:00:02]} 14. c5 {[%clk 01:15:27]} {[%emt 00:02:21]} e5 {[%clk
01:19:27]} {[%emt 00:00:11]} 15. Nc4 {[%clk 01:14:41]} {[%emt 00:01:15]} Qe7
{[%clk 01:19:14]} {[%emt 00:00:44]} 16. Nb6 {[%clk 01:13:33]} {[%emt 00:01:38]}
Ra6 {[%clk 01:19:34]} {[%emt 00:00:10]} 17. a3 {[%clk 01:13:27]} {[%emt
00:00:36]} Ne6 {[%clk 01:16:51]} {[%emt 00:03:12]} 18. b4 {[%clk 01:13:38]}
{[%emt 00:00:20]} Nc7 {[%clk 01:17:15]} {[%emt 00:00:06]} 19. Nc4 {[%clk
01:12:56]} {[%emt 00:01:12]} axb4 {[%clk 01:16:20]} {[%emt 00:01:26]} 20. axb4
{[%clk 01:12:23]} {[%emt 00:01:02]} Rxa1 {[%clk 01:14:25]} {[%emt 00:02:25]} 21.
Rxa1 {[%clk 01:12:46]} {[%emt 00:00:07]} Nb5 {[%clk 01:14:04]} {[%emt
00:00:51]} 22. Bf3 {[%clk 01:09:55]} {[%emt 00:03:21]} Bf5 {[%clk 01:13:48]}
{[%emt 00:00:46]} 23. Kg2 {[%clk 01:04:16]} {[%emt 00:06:08]} h5 {[%clk
01:11:41]} {[%emt 00:02:37]} 24. h3 {[%clk 01:01:41]} {[%emt 00:03:05]} Qe6
{[%clk 01:11:14]} {[%emt 00:00:56]} 25. Rh1 {[%clk 01:01:54]} {[%emt 00:00:18]}
Ra8 {[%clk 01:10:06]} {[%emt 00:01:39]} 26. Na5 {[%clk 01:00:03]} {[%emt
00:02:21]} Qe7 {[%clk 01:05:23]} {[%emt 00:05:13]} 27. Nc4 {[%clk 00:44:27]}
{[%emt 00:16:05]} Nc3 {[%clk 00:55:15]} {[%emt 00:10:39]} 28. Na5 {[%clk
00:36:14]} {[%emt 00:08:43]} Be6 {[%clk 00:53:46]} {[%emt 00:01:59]} 29. Ra1
{[%clk 00:35:23]} {[%emt 00:01:21]} Qd7 {[%clk 00:53:05]} {[%emt 00:01:12]} 30.
h4 {[%clk 00:35:45]} {[%emt 00:00:07]} Bg4 {[%clk 00:51:25]} {[%emt 00:02:10]}
31. Bxg4 {[%clk 00:35:05]} {[%emt 00:01:09]} Qxg4 {[%clk 00:51:48]} {[%emt
00:00:07]} 32. e4 {[%clk 00:35:02]} {[%emt 00:00:33]} Qe6 {[%clk 00:47:59]}
{[%emt 00:04:20]} 33. Qb2 {[%clk 00:32:36]} {[%emt 00:02:56]} Rb8 {[%clk
00:47:30]} {[%emt 00:00:59]} 34. Qb3 {[%clk 00:32:05]} {[%emt 00:01:01]} Qe7
{[%clk 00:33:50]} {[%emt 00:14:10]} 35. Nc4 {[%clk 00:31:44]} {[%emt 00:00:51]}
Nb5 {[%clk 00:34:16]} {[%emt 00:00:04]} 36. Ra5 {[%clk 00:31:31]} {[%emt
00:00:42]} Qe6 {[%clk 00:34:20]} {[%emt 00:00:26]} 37. Nd2 {[%clk 00:29:14]}
{[%emt 00:02:48]} Qe7 {[%clk 00:34:07]} {[%emt 00:00:43]} 38. Qa2 {[%clk
00:29:10]} {[%emt 00:00:34]} Nc3 {[%clk 00:30:58]} {[%emt 00:03:39]} 39. Qa1
{[%clk 00:28:49]} {[%emt 00:00:50]} b6 {[%clk 00:29:12]} {[%emt 00:02:17]} 40.
Ra8 {[%clk 00:19:16]} {[%emt 00:10:03]} Qf8 {[%clk 00:29:07]} {[%emt 00:00:35]}
41. Rxb8 {[%clk 00:18:54]} {[%emt 00:00:51]} Qxb8 {[%clk 00:29:35]} {[%emt
00:00:03]} 42. Nc4 {[%clk 00:14:12]} {[%emt 00:05:11]} bxc5 {[%clk 00:28:48]}
{[%emt 00:01:18]} 43. bxc5 {[%clk 00:14:19]} {[%emt 00:00:24]} Qb5 {[%clk
00:28:21]} {[%emt 00:00:56]} 44. Qa7 {[%clk 00:14:17]} {[%emt 00:00:32]} f6
{[%clk 00:25:47]} {[%emt 00:03:04]} 45. Nd6 {[%clk 00:13:48]} {[%emt 00:00:59]}
Qxd3 {[%clk 00:26:10]} {[%emt 00:00:07]} 46. Qf7+ {[%clk 00:14:11]} {[%emt
00:00:07]} Kh8 {[%clk 00:26:35]} {[%emt 00:00:06]} 47. Qxf6+ {[%clk 00:14:25]}
{[%emt 00:00:14]} Kh7 {[%clk 00:26:58]} {[%emt 00:00:08]} 48. Qf7+ {[%clk
00:14:28]} {[%emt 00:00:27]} Kh6 {[%clk 00:26:57]} {[%emt 00:00:31]} 49. Qg8
{[%clk 00:14:42]} {[%emt 00:00:15]} 1-0

[Event "Elite Hotels Open 2025"]
[Site "Elite Stadshotellet, Växjö, Sweden"]
[Date "2025.02.09"]
[Round "8.6"]
[White "Perets, Dmytro"]
[Black "Jacobsen, Mikkel Manosri"]
[Result "1-0"]
[TimeControl "R1-4: 15 min + 5 sek, R5-8: 90 min + 30 sek"]
[BlackTitle "FM"]
[WhiteElo "2059"]
[BlackElo "2314"]

1. Nf3 {[%clk 01:30:58]} {[%emt 00:00:02]} d5 {[%clk 01:30:01]} {[%emt
00:01:00]} 2. g3 {[%clk 01:31:21]} {[%emt 00:00:08]} Nf6 {[%clk 01:30:02]}
{[%emt 00:00:28]} 3. Bg2 {[%clk 01:31:45]} {[%emt 00:00:05]} e6 {[%clk
01:30:10]} {[%emt 00:00:23]} 4. O-O {[%clk 01:32:09]} {[%emt 00:00:05]} Be7
{[%clk 01:30:37]} {[%emt 00:00:03]} 5. d3 {[%clk 01:32:31]} {[%emt 00:00:08]}
O-O {[%clk 01:31:02]} {[%emt 00:00:05]} 6. Nbd2 {[%clk 01:32:57]} {[%emt
00:00:04]} c5 {[%clk 01:31:29]} {[%emt 00:00:04]} 7. e4 {[%clk 01:33:21]}
{[%emt 00:00:06]} Nc6 {[%clk 01:31:56]} {[%emt 00:00:03]} 8. e5 {[%clk
01:33:25]} {[%emt 00:00:26]} Nd7 {[%clk 01:31:24]} {[%emt 00:01:01]} 9. Re1
{[%clk 01:33:51]} {[%emt 00:00:04]} Qc7 {[%clk 01:29:47]} {[%emt 00:02:08]} 10.
Qe2 {[%clk 01:34:13]} {[%emt 00:00:08]} b5 {[%clk 01:30:12]} {[%emt 00:00:05]}
11. h4 {[%clk 01:34:34]} a5 {[%clk 01:30:36]} {[%emt 00:00:14]} 12. h5 {[%clk
01:34:54]} {[%emt 00:00:11]} h6 {[%clk 01:31:02]} {[%emt 00:00:04]} 13. Nf1
{[%clk 01:35:19]} {[%emt 00:00:05]} a4 {[%clk 01:31:17]} {[%emt 00:00:15]} 14.
N1h2 {[%clk 01:35:16]} {[%emt 00:00:33]} a3 {[%clk 01:31:20]} {[%emt 00:00:27]}
15. b3 {[%clk 01:35:23]} {[%emt 00:00:23]} Bb7 {[%clk 01:29:46]} {[%emt
00:02:03]} 16. Bf4 {[%clk 01:34:07]} {[%emt 00:01:47]} Rfc8 {[%clk 01:30:04]}
{[%emt 00:00:12]} 17. Ng4 {[%clk 01:30:07]} {[%emt 00:04:29]} Qd8 {[%clk
01:30:28]} {[%emt 00:00:07]} 18. c3 {[%clk 01:29:37]} {[%emt 00:01:00]} d4
{[%clk 01:25:38]} {[%emt 00:05:19]} 19. c4 {[%clk 01:25:46]} {[%emt 00:04:22]}
bxc4 {[%clk 01:22:06]} {[%emt 00:04:02]} 20. dxc4 {[%clk 01:20:55]} {[%emt
00:05:21]} Nb4 {[%clk 01:21:53]} {[%emt 00:00:42]} 21. Red1 {[%clk 01:18:58]}
{[%emt 00:02:28]} Ra7 {[%clk 01:20:02]} {[%emt 00:02:21]} 22. Bd2 {[%clk
01:13:17]} {[%emt 00:06:11]} Nc6 {[%clk 00:48:38]} {[%emt 00:31:53]} 23. Ne1
{[%clk 01:12:54]} {[%emt 00:00:54]} Qe8 {[%clk 00:47:35]} {[%emt 00:01:33]} 24.
Nd3 {[%clk 01:09:21]} {[%emt 00:04:03]} Bd8 {[%clk 00:37:58]} {[%emt 00:10:06]}
25. f4 {[%clk 01:05:51]} {[%emt 00:04:00]} Ba8 {[%clk 00:24:40]} {[%emt
00:13:48]} 26. Ngf2 {[%clk 01:04:02]} {[%emt 00:02:19]} Be7 {[%clk 00:23:18]}
{[%emt 00:01:52]} 27. Re1 {[%clk 00:58:51]} {[%emt 00:05:41]} Bf8 {[%clk
00:23:02]} {[%emt 00:00:46]} 28. Ne4 {[%clk 00:56:10]} {[%emt 00:03:11]} Kh8
{[%clk 00:21:09]} {[%emt 00:02:24]} 29. Kh2 {[%clk 00:55:40]} {[%emt 00:00:59]}
f5 {[%clk 00:20:08]} {[%emt 00:01:32]} 30. exf6 {[%clk 00:50:41]} {[%emt
00:05:29]} gxf6 {[%clk 00:20:36]} {[%emt 00:00:02]} 31. Bh3 {[%clk 00:50:15]}
{[%emt 00:00:56]} Qf7 {[%clk 00:17:40]} {[%emt 00:03:26]} 32. Nef2 {[%clk
00:39:21]} {[%emt 00:11:24]} Nd8 {[%clk 00:07:57]} {[%emt 00:10:13]} 33. g4
{[%clk 00:25:34]} {[%emt 00:14:17]} Be7 {[%clk 00:06:21]} {[%emt 00:02:06]} 34.
Ne4 {[%clk 00:21:19]} {[%emt 00:04:44]} f5 {[%clk 00:01:07]} {[%emt 00:05:44]}
35. gxf5 {[%clk 00:20:00]} {[%emt 00:01:49]} exf5 {[%clk 00:01:36]} {[%emt
00:00:01]} 36. Ng3 {[%clk 00:19:56]} {[%emt 00:00:35]} Bh4 {[%clk 00:01:28]}
{[%emt 00:00:38]} 37. Qe8+ {[%clk 00:13:23]} {[%emt 00:07:03]} Nf8 {[%clk
00:01:51]} {[%emt 00:00:06]} 38. Qe5+ {[%clk 00:13:28]} {[%emt 00:00:26]} Qg7
{[%clk 00:00:47]} {[%emt 00:01:35]} 39. Nxf5 {[%clk 00:13:31]} {[%emt
00:00:26]} Qxe5 {[%clk 00:00:44]} {[%emt 00:00:32]} 40. Rxe5 {[%clk 00:13:40]}
{[%emt 00:00:21]} Nc6 {[%clk 00:01:11]} {[%emt 00:00:03]} 41. Nxh4 {[%clk
00:13:54]} {[%emt 00:00:16]} Nxe5 {[%clk 00:01:36]} {[%emt 00:00:05]} 42. Nxe5
{[%clk 00:11:00]} {[%emt 00:03:24]} Re8 {[%clk 00:01:25]} {[%emt 00:00:42]} 43.
Bf5 {[%clk 00:10:22]} {[%emt 00:01:07]} Ne6 {[%clk 00:01:35]} {[%emt 00:00:20]}
44. Re1 {[%clk 00:09:57]} {[%emt 00:00:55]} Ng7 {[%clk 00:01:58]} {[%emt
00:00:06]} 45. Bg6 {[%clk 00:09:54]} {[%emt 00:00:35]} Rf8 {[%clk 00:00:33]}
{[%emt 00:01:55]} 46. f5 {[%clk 00:09:47]} {[%emt 00:00:37]} Re7 {[%clk
00:00:39]} {[%emt 00:00:23]} 47. Bxh6 {[%clk 00:09:49]} {[%emt 00:00:28]} d3
{[%clk 00:01:04]} {[%emt 00:00:05]} 48. Bg5 {[%clk 00:09:32]} {[%emt 00:00:47]}
d2 {[%clk 00:01:02]} {[%emt 00:00:33]} 49. Bxd2 {[%clk 00:09:46]} {[%emt
00:00:16]} Rd8 {[%clk 00:00:41]} {[%emt 00:00:50]} 50. Bg5 {[%clk 00:09:35]}
{[%emt 00:00:41]} Rxe5 {[%clk 00:00:49]} {[%emt 00:00:23]} 51. Rxe5 {[%clk
00:09:58]} {[%emt 00:00:07]} Rd1 {[%clk 00:01:13]} {[%emt 00:00:05]} 52. f6
{[%clk 00:09:50]} {[%emt 00:00:38]} 1-0